[Event "Faxe Dags op"]
[Site "Faxe"]
[Date "2016.04.27"]
[Round "5"]
[White "Adrian, Michael"]
[Black "Hansen, Borge"]
[Result "1/2-1/2"]
[WhiteElo "1621"]
[BlackElo "1586"]
[PlyCount "43"]
[EventDate "2016.03.30"]
[EventType "swiss"]
[EventRounds "7"]
[EventCountry "DEN"]
[SourceTitle "EXT 2021"]
[Source "ChessBase"]
[SourceDate "2020.10.23"]
[SourceVersion "1"]
[SourceVersionDate "2020.10.23"]
[SourceQuality "1"]

1. d4 d5 2. e3 e6 3. Bd3 Nf6 4. f4 c5 5. c3 Nbd7 6. Nf3 Be7 7. 0-0 0-0 8. Nbd2 Ng4 9. Qe2 f5 10. Ne5 Ngf6 11. Rf3 Ne4 12. Rh3 Qe8 13. Bb5 a6 14. Bxd7 Bxd7 15. a4 Bxa4 16. Nxe4 fxe4 17. Rxa4 Qxa4 18. Rxh7 Qe8 19. Rxg7+ Kxg7 20. Qg4+ Kh7 21. Qh3+ Kg7 22. Qg4+ 1/2-1/2

[Event "Faxe Eftermiddag-C"]
[Site "Faxe"]
[Date "2015.10.21"]
[Round "5"]
[White "Eckert, Svend"]
[Black "Adrian, Michael"]
[Result "0-1"]
[WhiteElo "1493"]
[BlackElo "1370"]
[PlyCount "104"]
[EventDate "2015.09.16"]
[EventType "tourn"]
[EventRounds "5"]
[EventCountry "DEN"]
[SourceTitle "EXT 2023"]
[Source "ChessBase"]
[SourceDate "2022.10.05"]
[SourceVersion "1"]
[SourceVersionDate "2022.10.05"]
[SourceQuality "1"]

1. c4 e5 2. e3 Nc6 3. a3 Nf6 4. Nc3 d5 5. cxd5 Nxd5 6. Bb5 Nxc3 7. Bxc6+ bxc6 8. bxc3 c5 9. Ne2 Qd3 10. 0-0 Bd6 11. Re1 0-0 12. a4 Rb8 13. Ba3 Bg4 14. f3 Bh5 15. Ng3 Bg6 16. e4 Qa6 17. d3 Rfd8 18. c4 f6 19. Qc2 Be8 20. Bc1 Rb4 21. a5 Rdb8 22. Bd2 Rb2 23. Qd1 Qb7 24. Qe2 g6 25. Nf1 Qb3 26. Ne3 c6 27. Nd1 Ra2 28. Rxa2 Qxa2 29. Ne3 Rb2 30. Nf1 Bc7 31. Qd1 Bxa5 32. Bxa5 Qxa5 33. Qa1 Qb6 34. Rd1 a5 35. Nd2 Qb4 36. Nf1 a4 37. h3 a3 38. Rd2 Rxd2 39. Nxd2 Qxd2 40. Qxa3 Qe3+ 41. Kh2 Qd4 42. Qa8 Qd7 43. Qa3 Qe7 44. g3 Kg7 45. f4 Bf7 46. Qa4 exf4 47. gxf4 Qd6 48. e5 fxe5 49. Qa1 Qd4 50. Qxd4 exd4 51. Kg3 Be6 52. h4 Bf5 0-1

[Event "Faxe Dags op"]
[Site "Faxe"]
[Date "2015.04.08"]
[Round "1"]
[White "Adrian, Michael"]
[Black "Andersen, Bjarne Hjorth"]
[Result "0-1"]
[WhiteElo "1644"]
[BlackElo "1994"]
[PlyCount "60"]
[EventDate "2015.04.07"]
[EventType "swiss"]
[EventRounds "7"]
[EventCountry "DEN"]
[SourceTitle "EXT 2021"]
[Source "ChessBase"]
[SourceDate "2020.10.23"]
[SourceVersion "1"]
[SourceVersionDate "2020.10.23"]
[SourceQuality "1"]

1. d4 Nf6 2. e3 d5 3. Bd3 Nbd7 4. f4 c5 5. c3 cxd4 6. cxd4 e6 7. Nf3 Be7 8. 0-0 0-0 9. Nc3 a6 10. Ne5 Qc7 11. g4 Nxe5 12. dxe5 Ne8 13. g5 g6 14. h4 Ng7 15. Be2 Nf5 16. h5 Bc5 17. Rf3 gxh5 18. Kh2 b5 19. e4 Ne7 20. exd5 exd5 21. Nxd5 Nxd5 22. Qxd5 Bb7 23. Qb3 Bxf3 24. Bxf3 Rad8 25. Bxh5 Qd7 26. Bxf7+ Qxf7 27. e6 Qh5+ 28. Kg3 Be7 29. Be3 Qe2 30. Rc1 Rd3 0-1

[Event "Faxe Eftermiddag-B"]
[Site "Faxe"]
[Date "2014.09.24"]
[Round "2"]
[White "Adrian, Michael"]
[Black "Larsen, Paul M"]
[Result "1-0"]
[WhiteElo "1460"]
[BlackElo "1457"]
[PlyCount "63"]
[EventDate "2014.09.17"]
[EventType "tourn"]
[EventRounds "5"]
[EventCountry "DEN"]
[SourceTitle "EXT 2023"]
[Source "ChessBase"]
[SourceDate "2022.10.05"]
[SourceVersion "1"]
[SourceVersionDate "2022.10.05"]
[SourceQuality "1"]

1. d4 Nf6 2. e3 g6 3. Bd3 d6 4. f4 Bg7 5. Nf3 0-0 6. 0-0 e6 7. Nbd2 Nc6 8. c3 Ne7 9. Ne4 Ne8 10. Qe1 h6 11. Qh4 Nf5 12. Qxd8 d5 13. Bb5 dxe4 14. Bxe8 exf3 15. Rxf3 f6 16. b3 Kh7 17. Ba3 Rh8 18. e4 Nh4 19. Rh3 g5 20. g4 b6 21. Rxh4 gxh4 22. f5 Rxe8 23. Qxe8 Bb7 24. Qxe6 c5 25. d5 Ba6 26. c4 Rf8 27. Bb2 Bc8 28. Qe7 a6 29. Re1 Kh8 30. e5 fxe5 31. Bxe5 Bxe5 32. Qxf8+ 1-0

[Event "Faxe Eftermiddag-B"]
[Site "Faxe"]
[Date "2014.09.17"]
[Round "1"]
[White "Adrian, Michael"]
[Black "Hansen, Borge"]
[Result "1-0"]
[WhiteElo "1460"]
[BlackElo "1560"]
[PlyCount "69"]
[EventDate "2014.09.17"]
[EventType "tourn"]
[EventRounds "5"]
[EventCountry "DEN"]
[SourceTitle "EXT 2023"]
[Source "ChessBase"]
[SourceDate "2022.10.05"]
[SourceVersion "1"]
[SourceVersionDate "2022.10.05"]
[SourceQuality "1"]

1. d4 d5 2. e3 e6 3. Bd3 Nf6 4. f4 Be7 5. Nf3 a6 6. c3 Nbd7 7. Nbd2 c5 8. 0-0 0-0 9. Ne5 c4 10. Bc2 g6 11. g4 Nxe5 12. dxe5 Ne8 13. g5 Ng7 14. Rf3 b5 15. Rh3 Nf5 16. Nf3 Kg7 17. Bxf5 exf5 18. Nd4 Qc7 19. Rg3 Rh8 20. Rh3 Be6 21. Rh6 Bf8 22. Bd2 Kg8 23. Rh4 h6 24. gxh6 Rxh6 25. Be1 Rxh4 26. Bxh4 Be7 27. Qe1 Kg7 28. Qg3 Rh8 29. Bxe7 Qxe7 30. Kf2 Rh5 31. Rg1 Qd7 32. a3 Qe8 33. Rg2 Qd7 34. Qf3 Qd8 35. Qxh5 1-0

[Event "Faxe anniversity"]
[Site "Faxe"]
[Date "2014.03.26"]
[Round "1"]
[White "Frederiksen, Uffe"]
[Black "Adrian, Michael"]
[Result "1-0"]
[WhiteElo "1705"]
[BlackElo "1323"]
[PlyCount "87"]
[EventDate "2014.03.26"]
[EventType "swiss"]
[EventRounds "7"]
[EventCountry "DEN"]
[SourceTitle "EXT 2023"]
[Source "ChessBase"]
[SourceDate "2022.10.05"]
[SourceVersion "1"]
[SourceVersionDate "2022.10.05"]
[SourceQuality "1"]

1. e4 Nf6 2. Nc3 e6 3. e5 Nd5 4. Nf3 Nb6 5. d4 Bb4 6. Bd3 Nc6 7. 0-0 Ne7 8. Ne2 Ng6 9. Nf4 Be7 10. Re1 d6 11. c3 dxe5 12. dxe5 Bd7 13. Qc2 Bc6 14. Nd4 Qd7 15. Nxc6 Qxc6 16. Be4 Qb5 17. Bxb7 Rb8 18. Nxg6 hxg6 19. Qe4 Kf8 20. Bc6 Qa6 21. a4 Rh4 22. f4 g5 23. Bb5 Qc8 24. g3 Rh5 25. Be2 Rh6 26. fxg5 Rh8 27. Be3 Nd5 28. Bc1 Qb7 29. Bf3 c6 30. h4 Qc7 31. c4 Nb4 32. Be3 a5 33. Kg2 Rd8 34. Rad1 Rb8 35. Bd4 c5 36. Bc3 g6 37. Bg4 Kg7 38. Rf1 Na2 39. Qf3 Rbf8 40. Bd2 Qxe5 41. Qb3 Rd8 42. Qxa2 Qe4+ 43. Bf3 Rxd2+ 44. Rxd2 1-0

[Event "Faxe Eftermiddag-C"]
[Site "Faxe"]
[Date "2013.10.09"]
[Round "3"]
[White "Adrian, Michael"]
[Black "Jakobsen, Henning"]
[Result "1-0"]
[WhiteElo "1305"]
[BlackElo "1168"]
[PlyCount "63"]
[EventDate "2013.09.25"]
[EventType "tourn"]
[EventRounds "5"]
[EventCountry "DEN"]
[SourceTitle "EXT 2023"]
[Source "ChessBase"]
[SourceDate "2022.10.05"]
[SourceVersion "1"]
[SourceVersionDate "2022.10.05"]
[SourceQuality "1"]

1. e4 d6 2. d4 Nf6 3. Nc3 g6 4. Nf3 Bg7 5. Bg5 Bg4 6. h3 Bxf3 7. Qxf3 Nfd7 8. 0-0-0 Nb6 9. e5 d5 10. e6 f6 11. h4 Qd6 12. Nb5 Qc6 13. Bf4 Na6 14. h5 g5 15. Bxg5 Qxe6 16. Bf4 Qc6 17. h6 Bf8 18. Qh5+ Kd8 19. Nc3 Nb4 20. Qf5 Nc4 21. a3 Na6 22. Nxd5 Nd6 23. Bxd6 cxd6 24. Nxf6 exf6 25. Qxf6+ Kc7 26. Kb1 Rg8 27. Qf7+ Kb6 28. Qxg8 Rc8 29. Qf7 Qxc2+ 30. Ka2 Qxd1 31. Bxa6 Qxh1 32. Qxb7+ 1-0

[Event "Faxe EMT"]
[Site "Faxe"]
[Date "2013.05.29"]
[Round "7"]
[White "Adrian, Michael"]
[Black "Jakobsen, Henning"]
[Result "1-0"]
[WhiteElo "1325"]
[BlackElo "1295"]
[PlyCount "63"]
[EventDate "2013.04.03"]
[EventType "swiss"]
[EventRounds "7"]
[EventCountry "DEN"]
[SourceTitle "EXT 2023"]
[Source "ChessBase"]
[SourceDate "2022.10.05"]
[SourceVersion "1"]
[SourceVersionDate "2022.10.05"]
[SourceQuality "1"]

1. f4 Nf6 2. Nf3 d6 3. e3 Bg4 4. b3 g6 5. Bb2 Bg7 6. Nc3 0-0 7. h3 Bxf3 8. Qxf3 c6 9. 0-0-0 Nbd7 10. h4 h5 11. d4 d5 12. f5 Ng4 13. Bd3 Bh6 14. Rde1 Kg7 15. Kb1 Kh7 16. e4 e5 17. Nd1 Bd2 18. Re2 Bf4 19. g3 Bh6 20. Nf2 Nxf2 21. Qxf2 Bg7 22. Rg1 Bf6 23. Qe3 Rg8 24. Rh2 Rg7 25. exd5 cxd5 26. dxe5 Qb6 27. Qxb6 axb6 28. exf6 Rgg8 29. fxg6+ fxg6 30. Re2 Nc5 31. Re7+ Kh6 32. Bc1+ 1-0

[Event "Faxe EMT"]
[Site "Faxe"]
[Date "2013.05.15"]
[Round "6"]
[White "Eriksen, Knud"]
[Black "Adrian, Michael"]
[Result "1/2-1/2"]
[WhiteElo "1203"]
[BlackElo "1325"]
[PlyCount "127"]
[EventDate "2013.04.03"]
[EventType "swiss"]
[EventRounds "7"]
[EventCountry "DEN"]
[SourceTitle "EXT 2023"]
[Source "ChessBase"]
[SourceDate "2022.10.05"]
[SourceVersion "1"]
[SourceVersionDate "2022.10.05"]
[SourceQuality "1"]

1. e4 e5 2. Nf3 Nc6 3. Bc4 Nd4 4. a3 Nxf3+ 5. Qxf3 Qf6 6. Qe2 Bc5 7. Nc3 d6 8. Nd5 Qd8 9. d3 c6 10. Ne3 Nf6 11. b4 Bd4 12. Rb1 b5 13. Ba2 a5 14. Bd2 axb4 15. Bxb4 c5 16. Bd2 Rxa3 17. Bd5 b4 18. Bc1 Ra1 19. Bc6+ Bd7 20. Bxd7+ Qxd7 21. Rxa1 Bxa1 22. 0-0 Bd4 23. Nc4 0-0 24. Bg5 Qe6 25. Qf3 Ra8 26. h3 h6 27. Be3 Bc3 28. Qg3 Kf8 29. Qf3 Ra2 30. Qe2 b3 31. Rc1 b2 32. Rb1 Ra1 33. Qd1 Nxe4 34. Nxb2 Bxb2 35. Rxa1 Bxa1 36. Qxa1 Nf6 37. c4 Kg8 38. f3 g5 39. g4 Kg7 40. Kf2 Kg6 41. Qb1 Kg7 42. Kg2 Nd7 43. Qc2 Nf8 44. Bf2 Ng6 45. Kh2 f5 46. gxf5 Qxf5 47. Qe2 Nf4 48. Qf1 Nxd3 49. Bg3 Nf4 50. Bxf4 exf4 51. Qe2 Qe5 52. Qd3 Qd4 53. Qe2 Qe3 54. Qb2+ Kg6 55. Qc2+ Kf6 56. Qb2+ Kg6 57. Qc2+ Kh5 58. Qg2 Qe6 59. Qf1 d5 60. cxd5 Qxd5 61. Qe2 c4 62. Qe8+ Kh4 63. Qe1+ Kh5 64. Qe8+ 1/2-1/2

[Event "Faxe EMT"]
[Site "Faxe"]
[Date "2013.05.01"]
[Round "4"]
[White "Christoffersen, Ib"]
[Black "Adrian, Michael"]
[Result "1-0"]
[WhiteElo "1441"]
[BlackElo "1325"]
[PlyCount "93"]
[EventDate "2013.04.03"]
[EventType "swiss"]
[EventRounds "7"]
[EventCountry "DEN"]
[SourceTitle "EXT 2023"]
[Source "ChessBase"]
[SourceDate "2022.10.05"]
[SourceVersion "1"]
[SourceVersionDate "2022.10.05"]
[SourceQuality "1"]

1. e4 Nf6 2. e5 Nd5 3. Bc4 e6 4. d4 Nb6 5. Bd3 c5 6. c3 d5 7. Nf3 cxd4 8. cxd4 Nc6 9. 0-0 Qc7 10. Nc3 a6 11. a3 Bd7 12. Bg5 Be7 13. Qd2 0-0-0 14. Bxe7 Nxe7 15. Ng5 Be8 16. Rac1 Nc6 17. Be2 h6 18. Nf3 Kb8 19. Na2 Qe7 20. b3 f5 21. Ne1 Qg5 22. f4 Qe7 23. a4 g5 24. a5 Na8 25. b4 Na7 26. Nd3 Bb5 27. Nc5 Bxe2 28. Qxe2 Nb5 29. Qd3 Qf7 30. Nc3 Nac7 31. Rf2 g4 32. g3 h5 33. Rfc2 Rc8 34. N5a4 Na3 35. Ra2 Nc4 36. Nc5 h4 37. Rg2 Rh6 38. N3a4 Na8 39. Rb1 Rch8 40. b5 hxg3 41. Qxg3 Nxa5 42. bxa6 Qe8 43. Qe1 Qd8 44. Nxb7 Nxb7 45. Rxb7+ Kc8 46. Rc2+ Nc7 47. Nb6# 1-0

[Event "Faxe EMT"]
[Site "Faxe"]
[Date "2013.04.10"]
[Round "2"]
[White "Kjeldgaard, Lennart"]
[Black "Adrian, Michael"]
[Result "1-0"]
[WhiteElo "1524"]
[BlackElo "1325"]
[PlyCount "73"]
[EventDate "2013.04.03"]
[EventType "swiss"]
[EventRounds "7"]
[EventCountry "DEN"]
[SourceTitle "EXT 2023"]
[Source "ChessBase"]
[SourceDate "2022.10.05"]
[SourceVersion "1"]
[SourceVersionDate "2022.10.05"]
[SourceQuality "1"]

1. e4 e5 2. Bc4 Bc5 3. Nf3 d6 4. c3 Bg4 5. Qb3 Qf6 6. Qxb7 Bxf3 7. gxf3 Qxf3 8. Rf1 Nf6 9. Qc8+ Ke7 10. Qxh8 Ng4 11. d4 exd4 12. Nd2 Qf4 13. Qxh7 dxc3 14. Qh4+ g5 15. Qg3 cxd2+ 16. Bxd2 Qxe4+ 17. Be2 Nf6 18. Qf3 Nbd7 19. Qxe4+ Nxe4 20. Ba5 Bb6 21. Bxb6 axb6 22. Bf3 f5 23. Bxe4 fxe4 24. Rg1 Kf6 25. Rg4 Kf5 26. h3 Rh8 27. Rg3 Ne5 28. Ke2 Nd3 29. f3 d5 30. fxe4+ dxe4 31. Rf1+ Kg6 32. Ke3 Nxb2 33. Kxe4 Nc4 34. Kd5 Nd6 35. Ke6 Nf5 36. Rxf5 Re8+ 37. Kd7 1-0

[Event "Faxe Eftermiddag-D"]
[Site "Faxe"]
[Date "2012.10.24"]
[Round "4"]
[White "Adrian, Michael"]
[Black "Eriksen, Knud"]
[Result "1-0"]
[WhiteElo "1372"]
[BlackElo "1331"]
[PlyCount "97"]
[EventDate "2012.09.26"]
[EventType "swiss"]
[EventRounds "5"]
[EventCountry "DEN"]
[SourceTitle "EXT 2023"]
[Source "ChessBase"]
[SourceDate "2022.10.05"]
[SourceVersion "1"]
[SourceVersionDate "2022.10.05"]
[SourceQuality "1"]

1. e4 e5 2. Nf3 Nc6 3. Bc4 d6 4. d3 h6 5. Nc3 Nf6 6. Nd5 Na5 7. Bb3 Nxb3 8. Nxf6+ Qxf6 9. axb3 Bd7 10. h3 Qg6 11. g4 Be7 12. Be3 a6 13. Qe2 Bc6 14. c4 b6 15. Bd2 0-0 16. 0-0-0 b5 17. Ba5 Rfc8 18. Rdg1 Bd7 19. Rg2 c5 20. Bd2 a5 21. g5 h5 22. Nh4 Qh7 23. g6 Qh8 24. gxf7+ Kxf7 25. Ng6 Qh7 26. Qf3+ Bf6 27. Rhg1 Rg8 28. Rg5 Bg4 29. hxg4 hxg4 30. Qf5 Rge8 31. Nxe5+ Kg8 32. Qxh7+ Kxh7 33. Rh5+ Kg8 34. Nxg4 Bd4 35. cxb5 a4 36. bxa4 Rxa4 37. Kc2 Rb8 38. Bc3 Bxc3 39. Kxc3 Rxb5 40. Nh6+ Kf8 41. Rf5+ Ke8 42. Nf7 Rb6 43. Rg6 Rab4 44. Rxd6 Rb3+ 45. Kc4 R3b4+ 46. Kd5 Rd4+ 47. Ke5 Rxb2 48. Rxd4 cxd4 49. Kxd4 1-0

[Event "Faxe Eftermiddag-D"]
[Site "Faxe"]
[Date "2012.09.26"]
[Round "1"]
[White "Adrian, Michael"]
[Black "Christoffersen, Ib"]
[Result "0-1"]
[WhiteElo "1372"]
[BlackElo "1391"]
[PlyCount "78"]
[EventDate "2012.09.26"]
[EventType "swiss"]
[EventRounds "5"]
[EventCountry "DEN"]
[SourceTitle "EXT 2023"]
[Source "ChessBase"]
[SourceDate "2022.10.05"]
[SourceVersion "1"]
[SourceVersionDate "2022.10.05"]
[SourceQuality "1"]

1. e4 e5 2. Nf3 d6 3. Bc4 Qf6 4. h3 Qg6 5. Rg1 Qxe4+ 6. Be2 Be7 7. d3 Qb4+ 8. Nc3 Bf6 9. a3 Qb6 10. Nd5 Qa5+ 11. Nc3 e4 12. dxe4 Bxc3+ 13. Bd2 Bxd2+ 14. Qxd2 Qxd2+ 15. Nxd2 Nf6 16. 0-0-0 Nbd7 17. g4 Nc5 18. f3 Bd7 19. Bc4 Be6 20. Bb5+ c6 21. Be2 0-0-0 22. Nc4 Bxc4 23. Bxc4 d5 24. e5 Nfd7 25. Ba2 Nxe5 26. f4 Ng6 27. f5 Ne5 28. Rge1 f6 29. b4 Ne4 30. Kb2 Nf2 31. Rd2 Nxh3 32. Re3 Ng5 33. c4 dxc4 34. Rc2 Rd4 35. a4 Rhd8 36. Kc3 Ne4+ 37. Kb2 Nd3+ 38. Kb1 Nxb4 39. Rxc4 Nd2+ 0-1

[Event "Faxe EMT"]
[Site "Faxe"]
[Date "2012.05.09"]
[Round "6"]
[White "Sorensen, Lindved"]
[Black "Adrian, Michael"]
[Result "1-0"]
[WhiteElo "1501"]
[BlackElo "1390"]
[PlyCount "51"]
[EventDate "2012.03.28"]
[EventType "swiss"]
[EventRounds "7"]
[EventCountry "DEN"]
[SourceTitle "EXT 2023"]
[Source "ChessBase"]
[SourceDate "2022.10.05"]
[SourceVersion "1"]
[SourceVersionDate "2022.10.05"]
[SourceQuality "1"]

1. Nf3 Nf6 2. c4 e6 3. d3 b6 4. g3 Bb7 5. Bg2 Be7 6. Nc3 d5 7. cxd5 exd5 8. Bf4 h6 9. Rc1 c5 10. Ne5 0-0 11. 0-0 Nbd7 12. Qb3 g5 13. Nxd7 Qxd7 14. Be5 Ng4 15. f4 Ne3 16. Rf3 d4 17. Ne4 Bd5 18. Qa3 g4 19. Rxe3 dxe3 20. Qc3 Bxe4 21. Bxe4 Rad8 22. Bg7 Rfe8 23. Bxh6 f6 24. Qc4+ Kh8 25. Qf7 Bd6 26. Bg7# 1-0

[Event "Faxe EMT"]
[Site "Faxe"]
[Date "2012.04.20"]
[Round "4"]
[White "Andersen, Hans E"]
[Black "Adrian, Michael"]
[Result "1-0"]
[WhiteElo "1576"]
[BlackElo "1390"]
[PlyCount "61"]
[EventDate "2012.03.28"]
[EventType "swiss"]
[EventRounds "7"]
[EventCountry "DEN"]
[SourceTitle "EXT 2023"]
[Source "ChessBase"]
[SourceDate "2022.10.05"]
[SourceVersion "1"]
[SourceVersionDate "2022.10.05"]
[SourceQuality "1"]

1. e4 Nf6 2. Nc3 e6 3. d3 b6 4. g3 Bb7 5. Bg2 d6 6. Nge2 Nbd7 7. 0-0 Ne5 8. b4 Qd7 9. a4 Be7 10. b5 c6 11. d4 Nc4 12. Qd3 d5 13. e5 Ng8 14. Bf4 h6 15. Rfb1 f6 16. Qg6+ Kf8 17. Bh3 f5 18. g4 Bg5 19. gxf5 Ne7 20. Qxe6 Qxe6 21. fxe6 Ng6 22. Bg3 Ke7 23. f4 Bh4 24. f5 Bxg3 25. hxg3 Nf8 26. Nf4 Rc8 27. bxc6 Rxc6 28. Ncxd5+ Ke8 29. Bg4 g6 30. f6 Bc8 31. f7+ 1-0

[Event "Faxe EMT"]
[Site "Faxe"]
[Date "2012.04.18"]
[Round "3"]
[White "Adrian, Michael"]
[Black "Brinkhard, Anders"]
[Result "0-1"]
[WhiteElo "1390"]
[BlackElo "1557"]
[PlyCount "134"]
[EventDate "2012.03.28"]
[EventType "swiss"]
[EventRounds "7"]
[EventCountry "DEN"]
[SourceTitle "EXT 2023"]
[Source "ChessBase"]
[SourceDate "2022.10.05"]
[SourceVersion "1"]
[SourceVersionDate "2022.10.05"]
[SourceQuality "1"]

1. e4 e6 2. d4 d5 3. e5 c5 4. c3 Nc6 5. Bb5 Bd7 6. Nf3 Nxe5 7. Nxe5 Bxb5 8. Qf3 Qf6 9. Na3 Qxf3 10. gxf3 Bc6 11. Rg1 f6 12. Nxc6 bxc6 13. dxc5 Kf7 14. b4 a5 15. Nc2 Ne7 16. Be3 e5 17. a3 Nf5 18. 0-0-0 Be7 19. f4 e4 20. Rgf1 axb4 21. cxb4 Rhb8 22. Kb2 Nxe3 23. fxe3 Bxc5 24. Rc1 Bb6 25. Nd4 Bxd4+ 26. exd4 Rb6 27. Rc5 f5 28. Kb3 Rba6 29. Ra1 Ke6 30. Rc3 g6 31. h4 Kd6 32. Rc5 Re8 33. a4 e3 34. Re1 e2 35. Rc2 Re3+ 36. Rc3 Rxc3+ 37. Kxc3 Rxa4 38. Kb3 Ra7 39. Rxe2 Ra8 40. Rh2 Re8 41. h5 Rg8 42. Rg2 Ke6 43. hxg6 hxg6 44. Rh2 Kd6 45. Rh6 Kc7 46. Rh7+ Kb6 47. Re7 g5 48. fxg5 Rxg5 49. Rf7 Rg4 50. Rxf5 Rxd4 51. Rf8 Rh4 52. Rd8 Rh3+ 53. Ka4 Kc7 54. Rf8 Rh1 55. Rf4 Ra1+ 56. Kb3 Kb6 57. Rd4 Kb5 58. Kb2 Rg1 59. Kb3 Rg3+ 60. Kc2 Re3 61. Kb2 Re4 62. Rxe4 dxe4 63. Kc3 e3 64. Kd3 Kxb4 65. Kxe3 Kc3 66. Ke2 c5 67. Kd1 Kb2 0-1

[Event "Faxe EMT"]
[Site "Faxe"]
[Date "2012.03.28"]
[Round "2"]
[White "Christoffersen, Ib"]
[Black "Adrian, Michael"]
[Result "0-1"]
[WhiteElo "1452"]
[BlackElo "1390"]
[PlyCount "92"]
[EventDate "2012.03.28"]
[EventType "swiss"]
[EventRounds "7"]
[EventCountry "DEN"]
[SourceTitle "EXT 2023"]
[Source "ChessBase"]
[SourceDate "2022.10.05"]
[SourceVersion "1"]
[SourceVersionDate "2022.10.05"]
[SourceQuality "1"]

1. e4 e6 2. d4 Nf6 3. Bg5 Be7 4. Nd2 b6 5. Ne2 Bb7 6. Ng3 d6 7. Bd3 Nbd7 8. c3 h6 9. Bf4 g5 10. Be3 Qc8 11. Bc4 Ba6 12. 0-0 Bxc4 13. Nxc4 Qb7 14. Qd3 0-0-0 15. f3 Rdg8 16. Rad1 h5 17. e5 Nd5 18. exd6 cxd6 19. Ne4 Qc6 20. Bf2 Nf4 21. Ncxd6+ Bxd6 22. Qa6+ Kd8 23. b4 Bb8 24. Rd2 Ke7 25. b5 Qc7 26. Qa3+ Ke8 27. Bg3 h4 28. Be1 f5 29. d5 Nxd5 30. c4 Qxh2+ 31. Kf2 Bg3+ 32. Ke2 fxe4 33. cxd5 Qxg2+ 34. Bf2 exf3+ 35. Ke1 Bxf2+ 36. Rdxf2 Qg3 37. Qc3 Qe5+ 38. Qxe5 Nxe5 39. Rd2 Kd7 40. Kf2 Rf8 41. dxe6+ Kxe6 42. Re1 g4 43. Rc2 Rc8 44. Rd2 Kf5 45. Rd5 Rhe8 46. Re3 Rcd8 0-1